Análisis de algunos componentes de resistencia en los híbridos de plátano FHIA-20 y de banano FHIA-23 a las sigatokas negra (Mycosphaerella fijiensis morelet) y amarilla (Mycosphaerella musicola leach) (Registro nro. 16285)
[ vista simple ]
| 000 -CABECERA | |
|---|---|
| Campo de control | 005880000a22001210004500 |
| 090 ## - CLASIFICACIÓN LOCAL | |
| Colección | AS |
| Consecutivo | Seriadas |
| 100 1# - ASIENTO PRINCIPAL--NOMBRE PERSONAL | |
| Nombre personal | Guzmán Piedrahita, Oscar Adrián |
| 245 10 - MENCION DE TITULO | |
| Título | Análisis de algunos componentes de resistencia en los híbridos de plátano FHIA-20 y de banano FHIA-23 a las sigatokas negra (Mycosphaerella fijiensis morelet) y amarilla (Mycosphaerella musicola leach) |
| 300 ## - DESCRIPCION FISICA | |
| Otros detalles físicos | tbls. |
| Extensión | 323-329 p. |
| 700 1# - ASIENTO SECUNDARIO - NOMBRE PERSONAL | |
| Nombre personal | Castaño Zapata, Jairo |
| 773 1# - Item fuente: | |
| Título | Revista de la Academia Colombiana de Ciencias Exactas, Físicas y Naturales |
| Descripción física | 128 |
| Paginas del Articulo | 323-329 p. |
| Lugar, editorial y fecha de publicación | 2009 |
| Información sobre la relación | 33 |
| 942 ## - ELEMENTOS ADICIONALES (KOHA) | |
| Tipo de ítem | Artículo |
No hay ítems disponibles.